000 00736nam a2200217Ia 4500
001 10668
003 GE_BSU
008 181216s||||||||xx |||||||||||||| ||und||
020 _a9789941918919
040 _cGE_BSU
080 _a37.016:808.1(072)
100 _aთოფაძე,ქეთევან.
245 _aწერითი მეტყველების სწავლების სტრატეგიები.
260 _aთბილისი.
260 _bარტლაინსი.
260 _c2011.
300 _a48გვ;25სმ.
541 _h7ლ.
653 _aწერითი მეტყველების სწავლების სტრატეგიები.
942 _cBK
999 _c43919
_d43919